| 000 | 01147cam a2200289 a 4500 | ||
|---|---|---|---|
| 001 | 36019 | ||
| 005 | 20230410101949.0 | ||
| 008 | 920825s1987 dr 000 0 spa | ||
| 035 | _9(DLC) 92205241 | ||
| 035 | _a2515069 | ||
| 942 |
_2lcc _cbk |
||
| 010 | _a92205241 | ||
| 040 |
_aDLC _cDLC |
||
| 043 | _anwdr--- | ||
| 050 | 1 | 4 |
_a118 F 1938.55 _bV427 1987 |
| 245 | 0 | 0 |
_aVeinticinco años de historia dominicana, 1959-1984 / _ccoordinación, Departamento de Historia y Antropología. |
| 260 |
_aSanto Domingo, República Dominicana : _bEditora Universitaria-UASD, _c[1987] |
||
| 300 |
_a221 p. ; _c21 cm. |
||
| 490 | 1 |
_aPublicaciones de la Universidad Autónoma de Santo Domingo ; _vvol. 583 |
|
| 490 | 1 |
_aColección Historia y sociedad ; _vno. 79 |
|
| 651 | 0 |
_aDominican Republic _xHistory _y1961- |
|
| 653 | _aRepública Dominicana - Historia | ||
| 710 | 2 |
_aUniversidad Autónoma de Santo Domingo. _bDepartamento de Historia y Antropología. |
|
| 830 | 0 |
_aPublicaciones de la Universidad Autónoma de Santo Domingo ; _vv. 583. |
|
| 830 | 0 |
_aColección Historia y sociedad (Santo Domingo, Dominican Republic) ; _vno. 79. |
|
| 922 | _aap | ||
| 999 |
_c16515 _d16515 |
||